Maharaj Shakti Singh and the shaktawats of boheda : (Record no. 129766)

MARC details
000 -LEADER
fixed length control field 00826nam a22002417a 4500
005 - DATE AND TIME OF LATEST TRANSACTION
control field 20170124110102.0
010 ## - LIBRARY OF CONGRESS CONTROL NUMBER
LC control number B-122228
020 ## - INTERNATIONAL STANDARD BOOK NUMBER
Terms of availability 400.00
035 ## - SYSTEM CONTROL NUMBER
System control number B-122228
037 ## - SOURCE OF ACQUISITION
Source of stock number/acquisition Cen Lib/Ret
040 ## - CATALOGING SOURCE
Original cataloging agency DPL
Language of cataloging EN
082 ## - DEWEY DECIMAL CLASSIFICATION NUMBER
Classification number 954.42
Item number PAL
100 ## - MAIN ENTRY--PERSONAL NAME
Personal name Paliwal, Devilal
9 (RLIN) 27338
245 ## - TITLE STATEMENT
Title Maharaj Shakti Singh and the shaktawats of boheda :
Statement of responsibility, etc by Devilal Paliwal [and] Rawat Surendra Singh
Remainder of title history of boheda thikana /
260 ## - PUBLICATION, DISTRIBUTION, ETC. (IMPRINT)
Place of publication, distribution, etc Jodhpur
Name of publisher, distributor, etc Books treasure
Date of publication, distribution, etc 2004
270 ## - ADDRESS
City Jodhpur
Address Sojati gate
Postal code 342001
300 ## - PHYSICAL DESCRIPTION
Extent viii,173p.
Dimensions 21cm(Hb)
500 ## - GENERAL NOTE
General note Includes appendix
650 ## - SUBJECT ADDED ENTRY--TOPICAL TERM
Topical term or geographic name as entry element Boheṛa Ṭhikāna (India) -- History.
9 (RLIN) 73994
650 ## - SUBJECT ADDED ENTRY--TOPICAL TERM
Topical term or geographic name as entry element Boheṛa Ṭhikāna (India) -- Genealogy.
9 (RLIN) 73995
700 ## - ADDED ENTRY--PERSONAL NAME
Personal name Singh, Rawat Surendra
9 (RLIN) 73996
942 ## - ADDED ENTRY ELEMENTS (KOHA)
Source of classification or shelving scheme Dewey Decimal Classification
Koha item type English Books
Classification part 954.42
Call number suffix PAL
Holdings
Withdrawn status Lost status Damaged status Not for loan Home library Current library Date acquired Source of acquisition Cost, normal purchase price Total Checkouts Full call number Barcode Date last seen Copy number Cost, replacement price Price effective from Koha item type
        Central Library Central Library 07/07/2015 Cen Lib/Ret 400.00   954.42 PAL B-122228 07/07/2015 1 400.00 07/07/2015 English Books

© Delhi Public Library
Hit Counter
free hit counter